000 00889nas a2200289 4500
001 BR0900174
003 BR-BrBNA
005 20231205113004.0
007 ta
008 230509b bl.|||p| |||| 00| 00por d
040 _aBR-BrBNA
_bpor
_cBiblioteca Nacional de Agricultura
041 _a(Pt)
072 _aE21
100 1 _aAmante, E.R.
100 1 _aNoguchi, A.
100 1 _aCastilho Júnior, A.B. de
100 1 _aKanzawa, A.
100 1 _aFrancisco, A. de
245 1 _aValorização de matérias-primas e minimização de resíduos agro industriais - produção de amido de mandica
650 _aMANDIOCA
650 _aMATÉRIA PRIMA
650 _aAGROINDÚSTRIA
650 _aAMIDO
773 0 _tRevista Brasileira de Mandioca (Brazil)
_xISSN 0101-563X
_g(1998), v. 17(1/2) p. 53-61
_wBR0900174
909 _a202311
_bLúcia
_c55
_dLúcia Elande
942 _2AGRIS
_n0
_cANA
999 _c201195
_d201195